000 00396nam a2200133Ia 4500
008 220217s9999||||xx |||||||||||||| ||und||
020 _a978-0-07-062112-1
082 _a005.74 BAN
100 _aBanerjee, Joyjeet
245 0 _aOracle applications DBA covers 11i and R12
260 _aTata mcgraw hill company Ltd
_bNew Delhi
_c2008
300 _b450
650 _aDATA FILES & DATABASE
_9695
999 _c177160
_d177160